Welcome to the Holygrace Academy Library

Please use search bar below to get started

SCIENCE FOR NINTH CLASS PHYSICS (PART - 1) (Record no. 905)

MARC details
000 -LEADER
fixed length control field 00348nam a22001337a 4500
020 ## - INTERNATIONAL STANDARD BOOK NUMBER
ISBN 81-219-2767-9
082 ## - DEWEY DECIMAL CLASSIFICATION NUMBER
Classification number 530
Item number SIN/P
100 ## - MAIN ENTRY--AUTHOR NAME
Personal name LAKHMIR SINGH, MANJIT KAUR
245 ## - TITLE STATEMENT
Title SCIENCE FOR NINTH CLASS PHYSICS (PART - 1)
260 ## - PUBLICATION, DISTRIBUTION, ETC. (IMPRINT)
Place of publication DELHI
Name of publisher EURASIA PUBLISHING HOUSE
Year of publication 2013
300 ## - PHYSICAL DESCRIPTION
Number of Pages 276
650 ## - SUBJECT ADDED ENTRY--TOPICAL TERM
Topical Term PHYSICS FOR CLASS IX
Geographic subdivision INDIA
942 ## - ADDED ENTRY ELEMENTS (KOHA)
Koha item type Books
Holdings
Withdrawn status Lost status Collection code Home library Current library Shelving location Date acquired Source of acquisition Cost, normal purchase price Full call number Accession Number Koha item type
    Reference Main Library Main Library SHELF 7C CLASS IX SCIENCE&PHYSIC 18/06/2018 purchase 225.00 530 SIN/P 10222 Books
    Reference Main Library Main Library SHELF 7C CLASS IX SCIENCE&PHYSIC 01/10/2015 purchase 290.00 530 SIN/P 09564 Books